BI (Contracting) Pty Ltd V AW Baulderstone Pty Ltd (Record no. 80119)
[ view plain ]
| 000 -LEADER | |
|---|---|
| fixed length control field | 01719cad a22002295a 4500 |
| 001 - CONTROL NUMBER | |
| control field | L143259 |
| 008 - FIXED-LENGTH DATA ELEMENTS--GENERAL INFORMATION | |
| fixed length control field | 080421e20070717at f v 000 0 eng d |
| 035 ## - SYSTEM CONTROL NUMBER | |
| System control number | (Sirsi) u143259 |
| 041 0# - LANGUAGE CODE | |
| Language code of text/sound track or separate title | eng |
| 245 00 - TITLE STATEMENT | |
| Title | BI (Contracting) Pty Ltd V AW Baulderstone Pty Ltd |
| Medium | [electronic resource] |
| 260 ## - PUBLICATION, DISTRIBUTION, ETC. | |
| Date of publication, distribution, etc. | 2007 |
| 520 ## - SUMMARY, ETC. | |
| Summary, etc. | [2007] NSWCA 173. The case will impact on the drafting of indemnity and exclusion clauses in Australian contracts because a new approach is now being taken. The principal issue on the appeal was the proper construction of the indemnity clause in the building contract entered into between BI (Contacting) and Baulderstone. The second issue was whether or not there had been a contract between BI (Contacting) and Baulderstone in the terms alleged by Baulderstone. Held: appeal dismissed. Indemnity clauses will be construed in the context of the contract as a whole. If broadly drafted, the indemnity clause will cover negligence. If there is any ambiguity, the clause will be construed in favour of the party providing the indemnity. The approach adopted by the courts in Andar Transport Pty v Brambles Ltd applied. |
| 590 ## - LOCAL NOTE (RLIN) | |
| Local note | KA |
| 650 24 - SUBJECT ADDED ENTRY--TOPICAL TERM | |
| Topical term or geographic name entry element | BI (CONTRACTING) PTY LTD V AW BAULDERSTONE PTY LTD |
| 650 24 - SUBJECT ADDED ENTRY--TOPICAL TERM | |
| Topical term or geographic name entry element | ANDAR TRANSPORT PTY V BRAMBLES LTD |
| 650 24 - SUBJECT ADDED ENTRY--TOPICAL TERM | |
| Topical term or geographic name entry element | DUST DISEASES TRIBUNAL ACT 1989 (AUS) |
| 650 24 - SUBJECT ADDED ENTRY--TOPICAL TERM | |
| Topical term or geographic name entry element | WRONGS ACT 1936 (AUS) |
| 651 #4 - SUBJECT ADDED ENTRY--GEOGRAPHIC NAME | |
| Geographic name | Australia |
| 690 ## - LOCAL SUBJECT ADDED ENTRY--TOPICAL TERM (OCLC, RLIN) | |
| Topical term or geographic name as entry element | MANAGEMENT-DISPUTE AVOIDANCE, MANAGEMENT AND RESOLUTION-DISPUTE MANAGEMENT AND RESOLUTION |
| 856 40 - ELECTRONIC LOCATION AND ACCESS | |
| Uniform Resource Identifier | <a href="https://www.lawlink.nsw.gov.au/scjudgments/2007nswca.nsf/00000000000000000000000000000000/7de8745e6b891c78ca257316001ec480?opendocument/">https://www.lawlink.nsw.gov.au/scjudgments/2007nswca.nsf/00000000000000000000000000000000/7de8745e6b891c78ca257316001ec480?opendocument/</a> |
| Public note | View the document free of charge at www.lawlink.nsw.gov.au... |
| 942 ## - ADDED ENTRY ELEMENTS (KOHA) | |
| Suppress in OPAC | 0 |
| Withdrawn status | Lost status | Source of classification or shelving scheme | Damaged status | Not for loan | Home library | Current library | Shelving location | Date acquired | Total Checkouts | Full call number | Barcode | Date last seen | Copy number | Price effective from | Koha item type |
|---|---|---|---|---|---|---|---|---|---|---|---|---|---|---|---|
| Dewey Decimal Classification | Virtual | Virtual | Online | 21/04/2008 | ONLINE PUBLICATION | 143259-1001 | 06/08/2019 | 1 | 06/08/2019 | Law report |